5 derniers Pokémon dans l'ordre alphabétique par génération - Statistiques

Statistiques générales
  • Ce quiz a été pris 35 fois
  • Le résultat moyen est 22 sur 45
Statistiques - réponses
Génération Pokémon % Correct
6ème Xerneas
96%
6ème Yveltal
96%
6ème Zygarde
96%
5ème Zoroark
85%
5ème Zorua
81%
2ème Xatu
77%
2ème Zarbi
77%
5ème Zekrom
77%
8ème Zacian
73%
8ème Zamazenta
73%
3ème Wailmer
69%
3ème Wailord
69%
2ème Yanma
69%
2ème Wattouat
65%
4ème Yanmega
62%
2ème Ymphect
62%
9ème Yuyu
62%
5ème Zébibron
62%
8ème Zarude
58%
5ème Zéblitz
58%
1ère Voltorbe
54%
3ème Zigzaton
54%
7ème Zeraora
50%
1ère Voltali
46%
9ème Vrombi
42%
9ème Vrombotor
42%
7ème Zéroïd
42%
6ème Volcanion
38%
8ème Wimessir
38%
9ème Zapétrel
38%
8ème Wushours
35%
7ème Vémini
31%
7ème Vorastérie
31%
1ère Triopikeur
27%
4ème Vortente
27%
6ème Venalgue
23%
3ème Vigoroth
23%
1ère Tortank
19%
4ème Tritosor
19%
9ème Virovent
19%
4ème Torterra
15%
4ème Tortipouss
12%
1ère Tygnon
12%
7ème Type:0
12%
3ème Vibraninf
12%
Aucun quiz correspondant
Distribution des résultats
% des personnes avec chaque résultat
Percentile par nombre de réponses
Votre historique - résultats
Vous n’avez pas pris ce quiz